000 00652nam a2200217Ia 4500
003 OSt
005 20251009093457.0
008 210210b2005 xxu||||| |||| 00| 0 eng d
020 _a81 8380 009 2
040 _cAL
041 _aKannada
082 _aK894.9 KAVM
100 _aKAVITHA RAI (B R)
_dಕವಿತಾ ರೈ (ಬಿ ಆರ್ )
_9233770
245 _aMahile: astitvada sankathana
_bಮಹಿಳೆ : ಅಸ್ತಿತ್ವದ ಸಂಕಥನ
260 _aBengaluru
_bSi Vi Gi Publications
_c2005
300 _a422
650 _aPh. D. Thesis
_9233771
690 _aKannada Criticism
_9233772
906 _a061078
942 _2ddc
_cBK
999 _c107760
_d107760